| 000 | 00599nam a2200169 i 4500 | ||
|---|---|---|---|
| 001 | 69788 | ||
| 003 | ES-MaACL | ||
| 005 | 20230906170623.0 | ||
| 007 | t| | ||
| 008 | 040712s1965 sp ||||1| spa d | ||
| 100 | 1 |
_aGarcía de Haro, Ramón. _954432 |
|
| 245 | 1 | 0 |
_aRégimen jurídico de formación profesional en derecho español / _cRamón García de Haro ; con un anexo de legislación vigente por Javier Fernández Migueltorena. |
| 260 |
_a[Madrid : _bRialp, _c1965] |
||
| 300 |
_a223 p. ; _c22 cm. |
||
| 700 | 1 |
_aFernández Micheltorena, Javier. _949925 |
|
| 852 |
_aES-MaACL _jC-28734 _bR.58050 |
||
| 999 |
_c69788 _d69788 |
||